书目信息 |
| 题名: |
英语读写教程
|
|
| 作者: | 朱茨榴 著 | |
| 分册: | 3 | |
| 出版信息: | 北京 高等教育出版社 1990 |
|
| 页数: | 269页 | |
| 开本: | 20cm | |
| 丛书名: | ||
| 单 册: | ||
| 中图分类: | H31 | |
| 科图分类: | ||
| 主题词: | 英语--师范大学--教学参考资料 | |
| 电子资源: | ||
| ISBN: | 7-04-003124-8 | |
| 000 | 00530nam0 2200205 450 | |
| 005 | 20070618173914.10 | |
| 010 | @a7-04-003124-8@dCNY4.10 | |
| 100 | @a20050221d1990 ekmy0chiy0120 ea | |
| 101 | 0 | @achi |
| 102 | @aCN@b110000 | |
| 105 | @ay z 000yy | |
| 200 | 1 | @a英语读写教程@h3@f朱茨榴著 |
| 210 | @a北京@c高等教育出版社@d1990 | |
| 215 | @a269页@d20cm | |
| 300 | @a教师用书 | |
| 606 | 1 | @a英语@x师范大学@x教学参考资料 |
| 690 | @aH31@v4 | |
| 701 | 0 | @a朱茨榴@4著 |
| 801 | 0 | @aCN@bPFT@c20070618 |
| 905 | @a10447@dH31@e1029:3(1) | |
| 英语读写教程.3/朱茨榴著.-北京:高等教育出版社,1990 |
| 269页;20cm |
| 教师用书 |
| ISBN 7-04-003124-8:CNY4.10 |
| ● |
| 相关链接 |
|
|
|
|
正题名:英语读写教程
索取号:H31/1029:3(1)
 
预约/预借
| 序号 | 登录号 | 条形码 | 馆藏地/架位号 | 状态 | 备注 |
| 1 | 0401111 | 204011112 | 密集书库/ [索取号:H31/1029:3(1)] | 在馆 | |
| 2 | 0401112 | 204011121 | 密集书库/ [索取号:H31/1029:3(1)] | 在馆 | |
| 3 | 0401113 | 204011130 | 密集书库/ [索取号:H31/1029:3(1)] | 在馆 | |
| 4 | 0401114 | 204011149 | 密集书库/ [索取号:H31/1029:3(1)] | 在馆 | |
| 5 | 0401115 | 204011158 | 密集书库/ [索取号:H31/1029:3(1)] | 在馆 | |
| 6 | 0654727 | 206547272 | 密集书库/ [索取号:H31/1029:3(1)] | 在馆 |